| 000 | 00779nam a2200241Ia 4500 | ||
|---|---|---|---|
| 003 | OSt | ||
| 005 | 20220926022240.0 | ||
| 006 | a|||||r|||| 00| 0 | ||
| 007 | ta | ||
| 008 | 220923b |||||||| |||| 00| 0 eng d | ||
| 020 | _a9789211171044 | ||
| 037 | _cGeneral Book | ||
| 040 |
_aRTL _cRTL _beng |
||
| 041 |
_2eng _aeng |
||
| 082 | _aX0gF.587.P, Q5/UN | ||
| 100 | _aUNITED NATIONS ECONOMIC COMMISSION FOR EUROPE | ||
| 245 | 0 | _aInnovation performance review of Tajikistan | |
| 260 |
_aNew York _bUnited Nations _c2015 |
||
| 300 |
_axxix,148p _ccm. |
||
| 500 | _aBibliography: p 265-79; Appendix: p 221-39; Glossary: p 239-41 | ||
| 942 |
_hX0gF.587.P, Q5/UN _cGB _2CC |
||
| 999 |
_c639013 _d639013 |
||